Výroba šperkov a bižutérie odlievaním

Saved in:
Bibliographic Details
Main Author: Torňošová, Michaela (Author)
Other Authors: Vanko, Branislav (Thesis advisor)
Format: Manuscript Book
Language:Slovak
Published: 2023
Subjects:
Online Access:http://is.stuba.sk/zp/portal_zp.pl?podrobnosti=164555
Tags: Add Tag
No Tags, Be the first to tag this record!

MARC

LEADER 00000ntm a22000003a 4500
001 stuzp94741
003 SK-STU
005 20231218111158.7
007 ta
008 150427s2015----xo-----f-mn---000-0-slo-d
040 |a STU  |b slo 
041 0 |a slo 
100 1 |a Torňošová, Michaela  |u 020050  |4 aut  |U SjF Strojnícka fakulta  |T SjF Ústav technológií a materiálov  |X 112018  |U J0050  |Y 803  |7 112018 
242 0 1 |a Production of jewellery and imitation jewellery by casting  |y eng 
245 1 0 |a Výroba šperkov a bižutérie odlievaním 
260 |c 2023 
650 4 |a odlievanie  |2 slo 
650 4 |a dizajn  |2 slo 
650 4 |a metóda vytaviteľného vosku  |2 slo 
650 4 |a výroba šperkov  |2 slo 
650 4 |a jewellery production  |2 eng 
650 4 |a lost wax  |2 eng 
650 4 |a casting  |2 eng 
650 4 |a design  |2 eng 
700 1 |a Vanko, Branislav  |u 020050  |k Z1  |4 ths  |U SjF Strojnícka fakulta  |T SjF Ústav technológií a materiálov  |X 22241  |U J0050  |Y 803  |7 A000022241 
856 4 |u http://is.stuba.sk/zp/portal_zp.pl?podrobnosti=164555 
996 |b 284J047319  |c J* 35359/DBP  |l JJSK  |s A  |a 24  |w stuzp94741_0001